Manchester United Premier League XIs - Statistics

General Stats
  • This quiz has been taken 16,435 times
    3,983 since last reset
  • The average score is 66 of 105
Answer Stats
Answer % Correct
David de Gea
97%
Cristiano Ronaldo
95%
André Onana
94%
Wayne Rooney
94%
Bruno Fernandes
93%
Harry Maguire
93%
Edwin van der Sar
92%
Marcus Rashford
91%
Rio Ferdinand
91%
Paul Scholes
90%
Luke Shaw
88%
Nemanja Vidić
88%
Phil Neville
88%
Casemiro
87%
Gary Neville
87%
Ryan Giggs
87%
Peter Schmeichel
85%
Rasmus Højlund
85%
Diogo Dalot
84%
David Beckham
82%
Patrice Evra
81%
Paul Pogba
81%
Michael Carrick
80%
Robin van Persie
79%
Roy Keane
79%
Lisandro Martínez
78%
Andy Cole
77%
Anthony Martial
77%
Zlatan Ibrahimović
76%
Matthijs de Ligt
75%
Phil Jones
74%
Ruud van Nistelrooy
74%
Alejandro Garnacho
73%
Carlos Tévez
73%
Éric Cantona
73%
Antonio Valencia
72%
Dwight Yorke
72%
Nani
71%
Scott McTominay
71%
Victor Lindelöf
71%
Romelu Lukaku
70%
Dimitar Berbatov
68%
Juan Mata
68%
Kobbie Mainoo
68%
Ole Gunnar Solskjær
68%
Chris Smalling
67%
Jaap Stam
67%
Aaron Wan-Bissaka
66%
Fred
66%
Manuel Ugarte
66%
Fabien Barthez
65%
Jonny Evans
65%
Rafael da Silva
65%
Raphaël Varane
65%
Teddy Sheringham
65%
Jesse Lingard
64%
Ji-sung Park
64%
Darren Fletcher
63%
Wes Brown
63%
Ashley Young
62%
Denis Irwin
62%
John O'Shea
62%
Nemanja Matić
61%
Nicky Butt
61%
Jadon Sancho
60%
Noussair Mazraoui
59%
Antony
58%
Eric Bailly
55%
Ander Herrera
54%
Ángel Di María
54%
Marouane Fellaini
54%
Steve Bruce
54%
Tim Howard
54%
Mason Greenwood
53%
Christian Eriksen
52%
Marcos Rojo
51%
Mark Hughes
50%
Daley Blind
48%
Danny Welbeck
48%
Juan Sebastián Verón
46%
Louis Saha
45%
Gary Pallister
44%
Matteo Darmian
44%
Mikaël Silvestre
44%
Paul Ince
44%
Tom Cleverley
44%
Morgan Schneiderlin
42%
Daniel James
40%
Laurent Blanc
40%
Shinji Kagawa
40%
Alan Smith
39%
Gabriel Heinze
37%
Roy Carroll
36%
Andrei Kanchelskis
35%
Ronny Johnsen
35%
Diego Forlán
34%
Mark Bosnich
33%
Adnan Januzaj
32%
Lee Sharpe
29%
Paul Parker
29%
Brian McClair
27%
David May
27%
Andreas Pereira
24%
Quinton Fortune
23%
Darren Ferguson
19%
No matching quizzes found
Score Distribution
Percent of People with Each Score
Percentile by Number Answered
Your Score History
You have not taken this quiz since the last reset